Statistics for Countries Closest to Finland - One Minute Sprint

Click here to take the quiz!

General Stats

  • This quiz has been taken 492 times
    (348 since last reset)
  • The average score is 16 of 20

Answer Stats

kmCountrymiles% Correct
0Norway0
100%
0Russia0
100%
0Sweden0
100%
47Estonia29
97%
213Latvia133
96%
378Lithuania235
96%
718Germany446
94%
603Poland374
93%
575Denmark358
90%
1106United Kingdom687
90%
470Belarus292
87%
1071Netherlands665
74%
879Ukraine546
74%
1044Czechia649
72%
1315Belgium817
71%
1153Slovakia717
67%
1262Austria784
63%
1256Hungary781
62%
1306Romania812
51%
1291Moldova802
48%

Score Distribution

Percentile by Number Answered

Percent of People with Each Score

Your Score History

You have not taken this quiz since the last reset